000 00542nam a22001932 4500
001 0000002540
005 20170406114314.0
008 140318s xx 000 0 eng d
020 _a9780060424121 :
_c$
040 _aYour Holding Symbol
_cYour Holding Symbol
100 1 _aGitmam, Lawrence J.
245 1 0 _aPrinciples of managerial finance.
250 _a5th ed.
260 _anew york :
_bHarper and row,
_c1988.
300 _a829 p. ;
_c cm.
504 _aindex.
650 0 _amanagerial finace.
908 _a140318
999 _c2428
_d2428